Statystyki dla Czerwone warzywa i owoce

Kliknij tutaj aby rozwiązać quiz!

Ogólne statystyki

  • Ten quiz został rozwiązany 629 razy
    (540 od ostatniego zresetowania)
  • Średni wynik to 12 z 28

Statystyki odpowiedzi

HintOdpowiedź% Poprawnych
Może być też żółte, zielone, mieszane...Jabłko
89%
Pomidor
87%
Papryka
84%
Truskawka
83%
Malina
75%
Może być też czarna, biała...Porzeczka
73%
Wiśnia
65%
Czereśnia
62%
Arbuz
57%
Burak
55%
Zwykle zielonaKapusta
54%
Rzodkiewka
49%
Poziomka
46%
Zwykle białaCebula
45%
Granat
43%
Może być też zieloneWinogrono
39%
Może być też biała, duże ziarnaFasola
33%
Grejpfrut
30%
Żurawina
27%
Rabarbar
18%
Jarzębina
13%
Chili
11%
Róża
9%
Radicchio, inne rodzaje są zieloneCykoria
3%
KolcowójGoji
2%
KwaśnicaBerberys
1%
CyfomandraTamarillo
1%
Brusznica, czerwona jagodaBorówka leśna
0%

Rozkład punktacji

Percentyl według liczby udzielonych odpowiedzi

Procent ludzi z każdym wynikiem

Twoja historia wyników

Nie rozwiązałeś tego quizu od ostatniego zresetowania